000 00428nam a2200145Ia 4500
008 230917s9999||||xx |||||||||||||| ||und||
040 _e222386
_aMAIN
041 _aEnglish
082 _a005.82 S25I
100 _aStanoyevitch, Alexander
245 0 _aIntroduction to cryptography: With mathematical foundations and computer implementations
260 _aBoca Raton
_bCRC Press
_c2015
300 _axvii, 649 p.
942 _cBK
999 _c166169
_d166169